Труды Вятской областной сельскохозяйственной опытной станции. Вып.14(57): Отзывчивость различных почв на известкование (Запись № 4497391)

Подробности
000 -МАРКЕР
контрольное поле 01473nam2a22002651 4500
001 - ИДЕНТИФИКАТОР ЗАПИСИ
контрольное поле RU\NLR\INFOCOMM18\1000210646
005 - ИДЕНТИФИКАТОР ВЕРСИИ
контрольное поле 20250617013130.0
035 ## - ДРУГИЕ СИСТЕМНЫЕ НОМЕРА
Идентификатор записи (NLR Aleph) 002345941
100 ## - ДАННЫЕ ОБЩЕЙ ОБРАБОТКИ
Данные общей обработки 20041026d1929 |||y0rusy50 ca
101 0# - ЯЗЫК РЕСУРСА
Язык текста, звукозаписи и т.д. русский
102 ## - СТРАНА ПУБЛИКАЦИИ ИЛИ ПРОИЗВОДСТВА
Страна публикации Российская Федерация
105 ## - ПОЛЕ КОДИРОВАННЫХ ДАННЫХ: ТЕКСТОВЫЕ МАТЕРИАЛЫ, МОНОГРАФИЧЕСКИЕ
Кодированные данные о монографическом текстовом документе y |||||||||
200 1# - ЗАГЛАВИЕ И СВЕДЕНИЯ ОБ ОТВЕТСТВЕННОСТИ
Основное заглавие Отзывчивость различных почв на известкование
Сведения, относящиеся к заглавию (По данным вегетационных опытов 1921-1928 годов)
Первые сведения об ответственности С.П. Орлов
Последующие сведения об ответственности Отд. агрохимии
210 ## - ПУБЛИКАЦИЯ, РАСПРОСТРАНЕНИЕ И ДР.
Дата издания, распространения и т.д. 1929
Место издания, распространения и т.д. Б. м.
461 #0 - УРОВЕНЬ НАБОРА
Встроенное поле 001RU\NLR\INFOCOMM18\1000210631
-- 2001#$aТруды Вятской областной сельскохозяйственной опытной станции$fНКЗ$vВып.14(57)
Системный номер (АБИС) связанной записи 4497349
Автор Северо-Восточная областная сельскохозяйственная опытная станция (Киров)
Место публикации Вятка
Дата публикации 1915-1930
Первые сведения об ответственности НКЗ
Имя издателя, распространителя и т.д. Вятская обл. с.-х. опытная станция
Заглавие Труды Вятской областной сельскохозяйственной опытной станции
Номер тома Вып.14(57)
700 #1 - ИМЯ ЛИЦА - ПЕРВИЧНАЯ ОТВЕТСТВЕННОСТЬ
Код отношения Автор
Графика поля Кириллица
Материалы, к которым относится поле rus
Начальный элемент ввода Орлов
Часть имени, кроме начального элемента ввода С. П.
Дополнения к именам, кроме дат агрохимик
Даты 1887-
Расширение инициалов личного имени Сергей Петрович
Системный номер авторитетной/нормативной записи 267186
Идентификатор авторитетной/нормативной записи RU\NLR\AUTH\770267242
801 #1 - ИСТОЧНИК ЗАПИСИ
Страна Российская Федерация
Организация InfoComm
Дата составления 20041026
801 #0 - ИСТОЧНИК ЗАПИСИ
Страна Российская Федерация
Организация NLR
Правила каталогизации PSBO
852 ## - МЕСТОНАХОЖДЕНИЕ И ШИФР ХРАНЕНИЯ
Идентификатор организации NLR
Шифр хранения (Call Number) 80/423
852 ## - МЕСТОНАХОЖДЕНИЕ И ШИФР ХРАНЕНИЯ
Идентификатор организации NLR
Шифр хранения (Call Number) 18.391.4.49
942 ## - ДОПОЛНИТЕЛЬНЫЕ ЭЛЕМЕНТЫ ЗАПИСИ (АБИС)
Тип экземпляра АБИС Выпуск
980 ## - КОЛЛЕКЦИЯ
Название коллекции Национальная библиография
980 ## - КОЛЛЕКЦИЯ
Название коллекции Русская периодика

Нет доступных экземпляров.